| 000 | 00325nam a22001217a 4500 | ||
|---|---|---|---|
| 008 | 160421b xxu||||| |||| 00| 0 eng d | ||
| 020 | _a9780397546787 | ||
| 020 | _a0397546785 | ||
| 041 | _aeng | ||
| 080 | _a618.2 | ||
| 245 |
_aPsychiatric mental health nursing: _cGertrude K. Me Farland; Mary Durand Thomas; |
||
| 942 |
_2udc _cBK |
||
| 999 |
_c1489 _d1489 |
||